[Event "ODJM B 2025"]
[Site "Willingen GER"]
[Date "2025.06.12"]
[Round "7"]
[White "Ott, Claudius"]
[Black "Bakó, Evelin"]
[Result "0-1"]
[Termination "normal"]
[Board "18"]
[WhiteElo "1835"]
[BlackElo "1637"]
[WhiteClock "00:00:39"]
[BlackClock "00:00:32"]
[PlyCount "74"]
[WhiteFideId "34621024"]
[BlackFideId "16271823"]
[EventCountry "GER"]
[EventRounds "9"]
[EventType "swiss"]
[EventDate "2025.06.07"]

1. e4 {[%clk 01:30:47]} {[%emt 00:00:13]} e5 {[%clk 01:30:56]} {[%emt
00:00:04]} 2. f4 {[%clk 01:31:14]} {[%emt 00:00:03]} exf4 {[%clk 01:31:21]}
{[%emt 00:00:05]} 3. Nf3 {[%clk 01:31:39]} {[%emt 00:00:05]} Ne7 {[%clk
01:31:45]} {[%emt 00:00:06]} 4. d4 {[%clk 01:31:57]} {[%emt 00:00:12]} d5
{[%clk 01:31:52]} {[%emt 00:00:23]} 5. exd5 {[%clk 01:31:58]} {[%emt 00:00:29]}
Nxd5 {[%clk 01:32:07]} {[%emt 00:00:15]} 6. c4 {[%clk 01:31:59]} {[%emt
00:00:29]} Bb4+ {[%clk 01:30:17]} {[%emt 00:02:20]} 7. Kf2 {[%clk 01:29:49]}
{[%emt 00:02:39]} Nb6 {[%clk 01:28:30]} {[%emt 00:02:18]} 8. Be2 {[%clk
01:24:38]} {[%emt 00:05:41]} Be7 {[%clk 01:27:00]} {[%emt 00:02:00]} 9. Bxf4
{[%clk 01:23:45]} {[%emt 00:01:23]} c6 {[%clk 01:18:26]} {[%emt 00:09:04]} 10.
Nc3 {[%clk 01:16:40]} {[%emt 00:07:35]} Be6 {[%clk 01:14:25]} {[%emt 00:04:30]}
11. b3 {[%clk 01:14:35]} {[%emt 00:02:35]} O-O {[%clk 01:06:30]} {[%emt
00:08:25]} 12. Rf1 {[%clk 01:10:47]} {[%emt 00:04:18]} Re8 {[%clk 00:55:07]}
{[%emt 00:11:53]} 13. Kg1 {[%clk 01:06:36]} {[%emt 00:04:40]} Bd6 {[%clk
00:52:57]} {[%emt 00:02:41]} 14. Bxd6 {[%clk 00:53:59]} {[%emt 00:13:08]} Qxd6
{[%clk 00:43:35]} {[%emt 00:09:52]} 15. Qd2 {[%clk 00:41:22]} {[%emt 00:13:07]}
Qd7 {[%clk 00:39:21]} {[%emt 00:04:43]} 16. Rae1 {[%clk 00:35:37]} {[%emt
00:06:15]} Na6 {[%clk 00:32:23]} {[%emt 00:07:29]} 17. Ne5 {[%clk 00:28:23]}
{[%emt 00:07:43]} Qe7 {[%clk 00:24:44]} {[%emt 00:08:04]} 18. Bh5 {[%clk
00:18:19]} {[%emt 00:10:39]} Qh4 {[%clk 00:18:58]} {[%emt 00:06:14]} 19. Bd1
{[%clk 00:13:04]} {[%emt 00:05:47]} Rf8 {[%clk 00:13:47]} {[%emt 00:05:41]} 20.
Ne4 {[%clk 00:09:20]} {[%emt 00:04:13]} Qd8 {[%clk 00:09:08]} {[%emt 00:05:07]}
21. Ng5 {[%clk 00:06:22]} {[%emt 00:03:31]} Nc7 {[%clk 00:08:03]} {[%emt
00:01:36]} 22. Bc2 {[%clk 00:05:40]} {[%emt 00:01:12]} g6 {[%clk 00:05:06]}
{[%emt 00:03:27]} 23. Ne4 {[%clk 00:01:10]} {[%emt 00:05:00]} f6 {[%clk
00:04:31]} {[%emt 00:01:05]} 24. Nf3 {[%clk 00:00:50]} {[%emt 00:00:50]} Bf5
{[%clk 00:04:06]} {[%emt 00:00:54]} 25. Nc5 {[%clk 00:00:36]} {[%emt 00:00:44]}
Bxc2 {[%clk 00:03:23]} {[%emt 00:01:13]} 26. Qxc2 {[%clk 00:01:05]} {[%emt
00:00:01]} Rb8 {[%clk 00:03:15]} {[%emt 00:00:38]} 27. Re4 {[%clk 00:01:10]}
{[%emt 00:00:25]} Nd7 {[%clk 00:02:37]} {[%emt 00:01:09]} 28. Nd3 {[%clk
00:00:59]} {[%emt 00:00:40]} Re8 {[%clk 00:01:46]} {[%emt 00:01:21]} 29. Rfe1
{[%clk 00:01:28]} Nf8 {[%clk 00:01:29]} {[%emt 00:00:47]} 30. Qd2 {[%clk
00:00:55]} {[%emt 00:01:04]} Nfe6 {[%clk 00:00:58]} {[%emt 00:01:01]} 31. Qh6
{[%clk 00:00:55]} {[%emt 00:00:29]} Qd7 {[%clk 00:00:42]} {[%emt 00:00:47]} 32.
h4 {[%clk 00:00:39]} {[%emt 00:00:46]} Qg7 {[%clk 00:00:42]} {[%emt 00:00:29]}
33. Qe3 {[%clk 00:00:45]} {[%emt 00:00:23]} Rbd8 {[%clk 00:00:34]} {[%emt
00:00:39]} 34. Nb4 {[%clk 00:00:57]} {[%emt 00:00:19]} a5 {[%clk 00:00:45]}
{[%emt 00:00:19]} 35. Nd3 {[%clk 00:00:53]} {[%emt 00:00:33]} f5 {[%clk
00:00:57]} {[%emt 00:00:18]} 36. Re5 {[%clk 00:01:07]} {[%emt 00:00:16]} b6
{[%clk 00:00:32]} {[%emt 00:00:56]} 37. Nb2 {[%clk 00:00:39]} {[%emt 00:00:58]}
b5 {[%clk 00:00:32]} {[%emt 00:00:30]} 0-1

[Event "ODJM B 2025"]
[Site "Willingen GER"]
[Date "2025.06.12"]
[Round "7"]
[White "Hoffmann, Sophia"]
[Black "Oblender, Rudi"]
[Result "1-0"]
[Termination "normal"]
[Board "19"]
[WhiteElo "1664"]
[BlackElo "1761"]
[WhiteClock "00:57:50"]
[BlackClock "01:31:55"]
[PlyCount "35"]
[WhiteFideId "16259130"]
[BlackFideId "34625089"]
[EventCountry "GER"]
[EventRounds "9"]
[EventType "swiss"]
[EventDate "2025.06.07"]

1. d4 {[%clk 01:30:57]} {[%emt 00:00:03]} Nf6 {[%clk 01:30:57]} {[%emt
00:00:04]} 2. Bf4 {[%clk 01:31:22]} {[%emt 00:00:05]} d5 {[%clk 01:31:20]}
{[%emt 00:00:07]} 3. e3 {[%clk 01:31:43]} {[%emt 00:00:08]} g6 {[%clk
01:31:47]} {[%emt 00:00:04]} 4. Nc3 {[%clk 01:31:56]} {[%emt 00:00:17]} Bg7
{[%clk 01:32:09]} {[%emt 00:00:07]} 5. h4 {[%clk 01:32:12]} {[%emt 00:00:13]}
h5 {[%clk 01:32:22]} {[%emt 00:00:18]} 6. Nf3 {[%clk 01:32:24]} {[%emt
00:00:17]} a6 {[%clk 01:32:36]} {[%emt 00:00:17]} 7. Bd3 {[%clk 01:28:34]}
{[%emt 00:04:21]} Nbd7 {[%clk 01:31:55]} {[%emt 00:01:11]} 8. Ne5 {[%clk
01:27:07]} {[%emt 00:01:56]} e6 {[%clk 01:31:20]} {[%emt 00:01:06]} 9. Bg5
{[%clk 01:21:52]} {[%emt 00:05:44]} c6 {[%clk 01:30:37]} {[%emt 00:01:13]} 10.
Qf3 {[%clk 01:13:12]} {[%emt 00:09:09]} O-O {[%clk 01:30:06]} {[%emt 00:01:02]}
11. Nxd7 {[%clk 01:02:53]} {[%emt 00:10:49]} Qxd7 {[%clk 01:30:21]} {[%emt
00:00:16]} 12. Bxf6 {[%clk 01:02:14]} {[%emt 00:01:08]} Bxf6 {[%clk 01:30:43]}
{[%emt 00:00:08]} 13. Qxf6 {[%clk 01:02:21]} {[%emt 00:00:24]} b5 {[%clk
01:31:02]} {[%emt 00:00:10]} 14. Rh3 {[%clk 00:59:17]} {[%emt 00:03:33]} Kh7
{[%clk 01:31:13]} {[%emt 00:00:19]} 15. Bxg6+ {[%clk 00:57:46]} {[%emt
00:02:02]} fxg6 {[%clk 01:31:32]} {[%emt 00:00:12]} 16. Qxf8 {[%clk 00:58:02]}
{[%emt 00:00:13]} e5 {[%clk 01:31:51]} {[%emt 00:00:11]} 17. Rf3 {[%clk
00:57:32]} {[%emt 00:01:00]} Qd6 {[%clk 01:31:55]} {[%emt 00:00:27]} 18. Rf7#
{[%clk 00:57:50]} {[%emt 00:00:11]} 1-0

[Event "ODJM B 2025"]
[Site "Willingen GER"]
[Date "2025.06.12"]
[Round "7"]
[White "Wilke, Ronja"]
[Black "Wilmink, Luca"]
[Result "1/2-1/2"]
[Termination "normal"]
[Board "20"]
[WhiteElo "1585"]
[BlackElo "1779"]
[WhiteClock "00:29:13"]
[BlackClock "00:19:20"]
[PlyCount "93"]
[WhiteFideId "16288378"]
[BlackFideId "16245253"]
[EventCountry "GER"]
[EventRounds "9"]
[EventType "swiss"]
[EventDate "2025.06.07"]

1. e4 {[%clk 01:30:58]} {[%emt 00:00:02]} c5 {[%clk 01:30:52]} {[%emt
00:00:09]} 2. c3 {[%clk 01:31:22]} {[%emt 00:00:06]} Nf6 {[%clk 01:31:01]}
{[%emt 00:00:21]} 3. e5 {[%clk 01:31:23]} {[%emt 00:00:29]} Nd5 {[%clk
01:31:23]} {[%emt 00:00:09]} 4. d4 {[%clk 01:31:30]} {[%emt 00:00:22]} cxd4
{[%clk 01:31:13]} {[%emt 00:00:40]} 5. cxd4 {[%clk 01:31:48]} {[%emt 00:00:12]}
d6 {[%clk 01:30:12]} {[%emt 00:01:31]} 6. Nf3 {[%clk 01:31:34]} {[%emt
00:00:44]} Nc6 {[%clk 01:30:18]} {[%emt 00:00:24]} 7. Bc4 {[%clk 01:31:16]}
{[%emt 00:00:47]} Nb6 {[%clk 01:30:27]} {[%emt 00:00:22]} 8. Be2 {[%clk
01:30:50]} {[%emt 00:00:55]} g6 {[%clk 01:28:43]} {[%emt 00:02:15]} 9. Nc3
{[%clk 01:27:30]} {[%emt 00:03:49]} Bg7 {[%clk 01:28:14]} {[%emt 00:00:59]} 10.
Bf4 {[%clk 01:25:44]} {[%emt 00:02:15]} dxe5 {[%clk 01:27:21]} {[%emt
00:01:25]} 11. dxe5 {[%clk 01:25:30]} {[%emt 00:00:44]} O-O {[%clk 01:25:34]}
{[%emt 00:02:17]} 12. O-O {[%clk 01:24:50]} {[%emt 00:01:09]} Be6 {[%clk
01:23:47]} {[%emt 00:02:18]} 13. Re1 {[%clk 01:20:12]} {[%emt 00:05:08]} Nc4
{[%clk 01:18:53]} {[%emt 00:05:24]} 14. Qb3 {[%clk 01:14:07]} {[%emt 00:06:34]}
N4xe5 {[%clk 01:08:39]} {[%emt 00:10:44]} 15. Qxb7 {[%clk 01:13:12]} {[%emt
00:01:25]} Rb8 {[%clk 01:08:17]} {[%emt 00:00:53]} 16. Qa6 {[%clk 01:12:22]}
{[%emt 00:01:20]} Rxb2 {[%clk 01:06:11]} {[%emt 00:02:36]} 17. Nxe5 {[%clk
01:12:01]} {[%emt 00:00:51]} Nxe5 {[%clk 01:05:56]} {[%emt 00:00:45]} 18. Na4
{[%clk 01:06:24]} {[%emt 00:06:06]} Rxa2 {[%clk 01:01:33]} {[%emt 00:04:54]}
19. Rxa2 {[%clk 01:04:07]} {[%emt 00:02:46]} Bxa2 {[%clk 01:00:04]} {[%emt
00:01:59]} 20. Nc5 {[%clk 01:02:33]} {[%emt 00:02:02]} Qd4 {[%clk 00:49:48]}
{[%emt 00:10:48]} 21. Be3 {[%clk 00:59:59]} {[%emt 00:03:04]} Qb2 {[%clk
00:46:50]} {[%emt 00:03:28]} 22. Qxa7 {[%clk 00:57:05]} {[%emt 00:03:25]} e6
{[%clk 00:39:16]} {[%emt 00:08:03]} 23. Na4 {[%clk 00:45:48]} {[%emt 00:11:47]}
Qb8 {[%clk 00:37:14]} {[%emt 00:02:32]} 24. Nc3 {[%clk 00:41:29]} {[%emt
00:04:49]} Qxa7 {[%clk 00:36:38]} {[%emt 00:01:07]} 25. Bxa7 {[%clk 00:41:51]}
{[%emt 00:00:07]} Bc4 {[%clk 00:36:15]} {[%emt 00:00:53]} 26. Bxc4 {[%clk
00:40:46]} {[%emt 00:01:35]} Nxc4 {[%clk 00:36:36]} {[%emt 00:00:10]} 27. Nb5
{[%clk 00:40:44]} {[%emt 00:00:32]} Rd8 {[%clk 00:32:44]} {[%emt 00:04:22]} 28.
g3 {[%clk 00:39:42]} {[%emt 00:01:32]} Rd5 {[%clk 00:31:29]} {[%emt 00:01:45]}
29. Rc1 {[%clk 00:36:49]} {[%emt 00:03:22]} Rxb5 {[%clk 00:30:37]} {[%emt
00:01:23]} 30. Rxc4 {[%clk 00:37:12]} {[%emt 00:00:06]} Be5 {[%clk 00:30:01]}
{[%emt 00:01:06]} 31. Be3 {[%clk 00:36:13]} {[%emt 00:01:30]} Kg7 {[%clk
00:29:42]} {[%emt 00:00:48]} 32. Kg2 {[%clk 00:35:49]} {[%emt 00:00:54]} h5
{[%clk 00:27:38]} {[%emt 00:02:34]} 33. f4 {[%clk 00:33:51]} {[%emt 00:02:28]}
Bf6 {[%clk 00:27:17]} {[%emt 00:00:51]} 34. Kf3 {[%clk 00:33:24]} {[%emt
00:00:58]} e5 {[%clk 00:25:58]} {[%emt 00:01:49]} 35. Rc5 {[%clk 00:32:33]}
{[%emt 00:01:20]} Rxc5 {[%clk 00:25:50]} {[%emt 00:00:38]} 36. Bxc5 {[%clk
00:32:57]} {[%emt 00:00:06]} exf4 {[%clk 00:26:10]} {[%emt 00:00:10]} 37. Kxf4
{[%clk 00:33:08]} {[%emt 00:00:18]} Bc3 {[%clk 00:26:03]} {[%emt 00:00:37]} 38.
Be7 {[%clk 00:32:31]} {[%emt 00:01:08]} f5 {[%clk 00:25:39]} {[%emt 00:00:54]}
39. h4 {[%clk 00:31:32]} {[%emt 00:01:28]} Kf7 {[%clk 00:24:34]} {[%emt
00:01:37]} 40. Bd8 {[%clk 00:31:28]} {[%emt 00:00:34]} Be1 {[%clk 00:24:17]}
{[%emt 00:00:46]} 41. Bc7 {[%clk 00:30:56]} {[%emt 00:01:02]} Kf6 {[%clk
00:20:02]} {[%emt 00:04:45]} 42. Bd8+ {[%clk 00:29:58]} {[%emt 00:01:28]} Ke6
{[%clk 00:19:37]} {[%emt 00:00:56]} 43. Kg5 {[%clk 00:28:27]} {[%emt 00:02:00]}
Bxg3 {[%clk 00:19:10]} {[%emt 00:00:57]} 44. Kxg6 {[%clk 00:28:38]} {[%emt
00:00:19]} f4 {[%clk 00:19:04]} {[%emt 00:00:35]} 45. Bc7 {[%clk 00:28:37]}
{[%emt 00:00:33]} Bh2 {[%clk 00:19:05]} {[%emt 00:00:29]} 46. Bxf4 {[%clk
00:28:53]} {[%emt 00:00:14]} Bxf4 {[%clk 00:19:20]} {[%emt 00:00:14]} 47. Kxh5
{[%clk 00:29:13]} {[%emt 00:00:10]} 1/2-1/2

[Event "ODJM B 2025"]
[Site "Willingen GER"]
[Date "2025.06.12"]
[Round "7"]
[White "Harbring, Thorben"]
[Black "Stelter, Finja"]
[Result "1/2-1/2"]
[Termination "normal"]
[Board "21"]
[WhiteElo "1755"]
[BlackElo "1730"]
[WhiteClock "00:05:21"]
[BlackClock "00:01:32"]
[PlyCount "82"]
[WhiteFideId "34607110"]
[BlackFideId "16298624"]
[EventCountry "GER"]
[EventRounds "9"]
[EventType "swiss"]
[EventDate "2025.06.07"]

1. f4 {[%clk 01:30:57]} {[%emt 00:00:02]} c5 {[%clk 01:29:24]} {[%emt
00:01:37]} 2. Nf3 {[%clk 01:31:16]} {[%emt 00:00:11]} Nc6 {[%clk 01:29:26]}
{[%emt 00:00:28]} 3. e3 {[%clk 01:31:39]} {[%emt 00:00:07]} d5 {[%clk
01:29:18]} {[%emt 00:00:38]} 4. Bb5 {[%clk 01:31:43]} {[%emt 00:00:26]} Bd7
{[%clk 01:28:51]} {[%emt 00:00:57]} 5. O-O {[%clk 01:31:55]} {[%emt 00:00:18]}
a6 {[%clk 01:28:24]} {[%emt 00:00:57]} 6. Bxc6 {[%clk 01:32:13]} {[%emt
00:00:12]} Bxc6 {[%clk 01:28:44]} {[%emt 00:00:10]} 7. Ne5 {[%clk 01:32:32]}
{[%emt 00:00:10]} Nf6 {[%clk 01:26:35]} {[%emt 00:02:40]} 8. b3 {[%clk
01:32:10]} {[%emt 00:00:53]} e6 {[%clk 01:23:52]} {[%emt 00:03:12]} 9. Bb2
{[%clk 01:32:22]} {[%emt 00:00:18]} Nd7 {[%clk 01:22:24]} {[%emt 00:01:58]} 10.
Nxc6 {[%clk 01:25:32]} {[%emt 00:07:20]} bxc6 {[%clk 01:22:02]} {[%emt
00:00:52]} 11. d3 {[%clk 01:25:50]} {[%emt 00:00:11]} Rg8 {[%clk 01:18:51]}
{[%emt 00:03:41]} 12. f5 {[%clk 01:20:03]} {[%emt 00:06:17]} Qh4 {[%clk
01:09:05]} {[%emt 00:10:16]} 13. fxe6 {[%clk 01:13:07]} {[%emt 00:07:26]} fxe6
{[%clk 01:06:10]} {[%emt 00:03:26]} 14. Qf3 {[%clk 01:11:51]} {[%emt 00:01:45]}
O-O-O {[%clk 01:03:34]} {[%emt 00:03:07]} 15. g3 {[%clk 01:08:48]} {[%emt
00:03:32]} Qh3 {[%clk 00:58:29]} {[%emt 00:05:33]} 16. Nd2 {[%clk 00:59:21]}
{[%emt 00:09:59]} Bd6 {[%clk 00:55:51]} {[%emt 00:03:08]} 17. e4 {[%clk
00:56:59]} {[%emt 00:02:52]} Rdf8 {[%clk 00:42:57]} {[%emt 00:13:24]} 18. Qg2
{[%clk 00:52:06]} {[%emt 00:05:24]} Qxg2+ {[%clk 00:37:10]} {[%emt 00:06:17]}
19. Kxg2 {[%clk 00:46:39]} {[%emt 00:05:57]} Be5 {[%clk 00:36:28]} {[%emt
00:01:09]} 20. Bxe5 {[%clk 00:45:16]} {[%emt 00:01:55]} Nxe5 {[%clk 00:36:50]}
{[%emt 00:00:09]} 21. Rae1 {[%clk 00:43:21]} {[%emt 00:02:24]} Rxf1 {[%clk
00:31:58]} {[%emt 00:05:22]} 22. Kxf1 {[%clk 00:41:23]} {[%emt 00:02:29]} Rf8+
{[%clk 00:30:43]} {[%emt 00:01:45]} 23. Kg2 {[%clk 00:41:41]} {[%emt 00:00:11]}
d4 {[%clk 00:27:37]} {[%emt 00:03:35]} 24. h3 {[%clk 00:39:01]} {[%emt
00:03:11]} h5 {[%clk 00:20:06]} {[%emt 00:08:02]} 25. Rb1 {[%clk 00:33:30]}
{[%emt 00:06:01]} a5 {[%clk 00:17:55]} {[%emt 00:02:42]} 26. a3 {[%clk
00:33:26]} {[%emt 00:00:33]} Kc7 {[%clk 00:15:18]} {[%emt 00:03:06]} 27. b4
{[%clk 00:29:46]} {[%emt 00:04:11]} cxb4 {[%clk 00:14:15]} {[%emt 00:01:33]}
28. Nb3 {[%clk 00:27:44]} {[%emt 00:02:32]} bxa3 {[%clk 00:06:07]} {[%emt
00:08:39]} 29. Ra1 {[%clk 00:23:31]} {[%emt 00:04:42]} Nf3 {[%clk 00:03:42]}
{[%emt 00:02:55]} 30. Rf1 {[%clk 00:18:50]} {[%emt 00:05:10]} a2 {[%clk
00:03:03]} {[%emt 00:01:10]} 31. Rxf3 {[%clk 00:14:05]} {[%emt 00:05:14]} Rxf3
{[%clk 00:03:17]} {[%emt 00:00:16]} 32. Kxf3 {[%clk 00:14:12]} {[%emt
00:00:23]} a4 {[%clk 00:03:42]} {[%emt 00:00:06]} 33. Na1 {[%clk 00:14:34]}
{[%emt 00:00:07]} e5 {[%clk 00:03:32]} {[%emt 00:00:40]} 34. Ke2 {[%clk
00:13:18]} {[%emt 00:01:45]} Kb6 {[%clk 00:03:26]} {[%emt 00:00:37]} 35. Kd2
{[%clk 00:13:33]} {[%emt 00:00:15]} Kb5 {[%clk 00:03:04]} {[%emt 00:00:53]} 36.
c3 {[%clk 00:13:46]} {[%emt 00:00:16]} c5 {[%clk 00:01:51]} {[%emt 00:01:43]}
37. cxd4 {[%clk 00:12:11]} {[%emt 00:02:05]} cxd4 {[%clk 00:02:10]} {[%emt
00:00:11]} 38. Kc2 {[%clk 00:12:36]} {[%emt 00:00:05]} Kb4 {[%clk 00:01:46]}
{[%emt 00:00:53]} 39. h4 {[%clk 00:04:33]} {[%emt 00:08:34]} g6 {[%clk
00:01:03]} {[%emt 00:01:14]} 40. Kb2 {[%clk 00:04:55]} {[%emt 00:00:06]} a3+
{[%clk 00:01:27]} {[%emt 00:00:07]} 41. Kc2 {[%clk 00:05:21]} {[%emt 00:00:04]}
Ka4 {[%clk 00:01:32]} {[%emt 00:00:25]} 1/2-1/2

[Event "ODJM B 2025"]
[Site "Willingen GER"]
[Date "2025.06.12"]
[Round "7"]
[White "Malinowsky, Celina"]
[Black "Yang, Markus"]
[Result "1/2-1/2"]
[Termination "normal"]
[Board "23"]
[WhiteElo "1742"]
[BlackElo "1706"]
[WhiteClock "00:10:47"]
[BlackClock "00:05:56"]
[PlyCount "101"]
[WhiteFideId "16266986"]
[BlackFideId "16206550"]
[EventCountry "GER"]
[EventRounds "9"]
[EventType "swiss"]
[EventDate "2025.06.07"]

1. e4 {[%clk 01:30:55]} {[%emt 00:00:05]} e6 {[%clk 01:30:53]} {[%emt
00:00:08]} 2. d4 {[%clk 01:31:04]} {[%emt 00:00:20]} d5 {[%clk 01:31:16]}
{[%emt 00:00:08]} 3. Nc3 {[%clk 01:31:23]} {[%emt 00:00:10]} Bb4 {[%clk
01:31:35]} {[%emt 00:00:11]} 4. exd5 {[%clk 01:31:06]} {[%emt 00:00:47]} exd5
{[%clk 01:31:25]} {[%emt 00:00:41]} 5. Bd3 {[%clk 01:30:26]} {[%emt 00:01:10]}
Nc6 {[%clk 01:30:42]} {[%emt 00:01:12]} 6. Nge2 {[%clk 01:29:40]} {[%emt
00:01:16]} Bg4 {[%clk 01:28:22]} {[%emt 00:02:49]} 7. f3 {[%clk 01:25:51]}
{[%emt 00:04:20]} Be6 {[%clk 01:27:22]} {[%emt 00:01:30]} 8. O-O {[%clk
01:24:23]} {[%emt 00:01:58]} Nge7 {[%clk 01:22:37]} {[%emt 00:05:14]} 9. Re1
{[%clk 01:17:21]} {[%emt 00:07:32]} Qd7 {[%clk 01:21:29]} {[%emt 00:01:40]} 10.
a3 {[%clk 01:11:45]} {[%emt 00:06:06]} Ba5 {[%clk 01:19:44]} {[%emt 00:02:14]}
11. Be3 {[%clk 01:07:39]} {[%emt 00:04:36]} O-O {[%clk 01:17:35]} {[%emt
00:02:39]} 12. Bf2 {[%clk 01:05:48]} {[%emt 00:02:21]} Nf5 {[%clk 01:14:02]}
{[%emt 00:04:04]} 13. Bxf5 {[%clk 00:58:14]} {[%emt 00:08:04]} Bxf5 {[%clk
01:12:58]} {[%emt 00:01:33]} 14. Ng3 {[%clk 00:57:31]} {[%emt 00:01:12]} Bg6
{[%clk 01:10:55]} {[%emt 00:02:34]} 15. b4 {[%clk 00:56:21]} {[%emt 00:01:41]}
Bb6 {[%clk 01:10:33]} {[%emt 00:00:51]} 16. Nce2 {[%clk 00:56:14]} {[%emt
00:00:37]} Ne7 {[%clk 01:05:04]} {[%emt 00:05:59]} 17. Nf4 {[%clk 00:55:32]}
{[%emt 00:01:12]} c6 {[%clk 01:04:41]} {[%emt 00:00:53]} 18. Nxg6 {[%clk
00:55:14]} {[%emt 00:00:48]} Nxg6 {[%clk 01:04:21]} {[%emt 00:00:50]} 19. c3
{[%clk 00:53:44]} {[%emt 00:02:00]} Bc7 {[%clk 01:03:14]} {[%emt 00:01:36]} 20.
Qc2 {[%clk 00:50:55]} {[%emt 00:03:19]} Rfe8 {[%clk 00:59:20]} {[%emt
00:04:25]} 21. Rad1 {[%clk 00:48:05]} {[%emt 00:03:20]} Re6 {[%clk 00:58:21]}
{[%emt 00:01:29]} 22. Rxe6 {[%clk 00:47:06]} {[%emt 00:01:29]} fxe6 {[%clk
00:58:26]} {[%emt 00:00:24]} 23. Re1 {[%clk 00:47:18]} {[%emt 00:00:19]} Re8
{[%clk 00:56:56]} {[%emt 00:01:59]} 24. a4 {[%clk 00:38:57]} {[%emt 00:08:52]}
Qd6 {[%clk 00:53:35]} {[%emt 00:03:51]} 25. Nf1 {[%clk 00:36:38]} {[%emt
00:02:48]} e5 {[%clk 00:44:41]} {[%emt 00:09:24]} 26. dxe5 {[%clk 00:31:46]}
{[%emt 00:05:23]} Nxe5 {[%clk 00:41:48]} {[%emt 00:03:23]} 27. f4 {[%clk
00:26:18]} {[%emt 00:05:58]} Nf3+ {[%clk 00:35:22]} {[%emt 00:06:56]} 28. gxf3
{[%clk 00:26:18]} {[%emt 00:00:30]} Rf8 {[%clk 00:32:51]} {[%emt 00:03:01]} 29.
Bg3 {[%clk 00:25:21]} {[%emt 00:01:27]} Qf6 {[%clk 00:31:09]} {[%emt 00:02:12]}
30. Qd3 {[%clk 00:18:29]} {[%emt 00:07:21]} h5 {[%clk 00:23:48]} {[%emt
00:07:51]} 31. Ne3 {[%clk 00:12:50]} {[%emt 00:06:10]} h4 {[%clk 00:22:48]}
{[%emt 00:01:30]} 32. Ng4 {[%clk 00:13:06]} {[%emt 00:00:14]} Qd8 {[%clk
00:20:38]} {[%emt 00:02:40]} 33. Bf2 {[%clk 00:13:32]} {[%emt 00:00:05]} Bxf4
{[%clk 00:17:36]} {[%emt 00:03:31]} 34. Be3 {[%clk 00:11:57]} {[%emt 00:02:05]}
Bc7 {[%clk 00:14:01]} {[%emt 00:04:05]} 35. Bd4 {[%clk 00:09:27]} {[%emt
00:03:00]} Qg5 {[%clk 00:12:32]} {[%emt 00:01:59]} 36. Qe3 {[%clk 00:09:08]}
{[%emt 00:00:49]} Bf4 {[%clk 00:10:57]} {[%emt 00:02:05]} 37. Qe6+ {[%clk
00:09:23]} {[%emt 00:00:16]} Kh7 {[%clk 00:10:09]} {[%emt 00:01:17]} 38. Re2
{[%clk 00:04:11]} {[%emt 00:05:42]} h3 {[%clk 00:06:10]} {[%emt 00:04:29]} 39.
Be3 {[%clk 00:02:59]} {[%emt 00:01:43]} Rf6 {[%clk 00:04:35]} {[%emt 00:02:03]}
40. Qc8 {[%clk 00:00:36]} {[%emt 00:02:54]} Rg6 {[%clk 00:02:36]} {[%emt
00:02:29]} 41. Bxf4 {[%clk 00:29:53]} {[%emt 00:01:13]} Qxf4 {[%clk 00:24:17]}
{[%emt 00:08:49]} 42. Kf2 {[%clk 00:29:33]} {[%emt 00:00:49]} d4 {[%clk
00:20:41]} {[%emt 00:04:06]} 43. cxd4 {[%clk 00:24:22]} {[%emt 00:05:42]} Qxd4+
{[%clk 00:20:55]} {[%emt 00:00:16]} 44. Kg3 {[%clk 00:21:23]} {[%emt 00:03:29]}
Qg1+ {[%clk 00:11:58]} {[%emt 00:09:26]} 45. Kf4 {[%clk 00:19:53]} {[%emt
00:02:00]} Qd4+ {[%clk 00:10:28]} {[%emt 00:02:00]} 46. Kg3 {[%clk 00:19:26]}
{[%emt 00:00:56]} Qg1+ {[%clk 00:07:59]} {[%emt 00:03:00]} 47. Kf4 {[%clk
00:16:26]} {[%emt 00:03:30]} Qd4+ {[%clk 00:08:06]} {[%emt 00:00:22]} 48. Re4
{[%clk 00:12:13]} {[%emt 00:04:44]} Qd2+ {[%clk 00:06:46]} {[%emt 00:01:50]}
49. Kg3 {[%clk 00:10:09]} {[%emt 00:02:34]} Qg2+ {[%clk 00:06:03]} {[%emt
00:01:13]} 50. Kf4 {[%clk 00:10:29]} {[%emt 00:00:11]} Qd2+ {[%clk 00:05:56]}
{[%emt 00:00:36]} 51. Kg3 {[%clk 00:10:47]} {[%emt 00:00:12]} 1/2-1/2